000 00613nam a2200181Ia 4500
008 090124s9999 xx 000 0 und d
082 _b20509
_a2371
100 _aसोनग्रा रतनलाल
245 _a जन्तेशी भेट माझी घडवा
250 _a1
260 _c1974
300 _a30
600 _aसोनग्रा रतनलाल
630 _a जन्तेशी भेट माझी घडवा
700 _aसोनग्रा रतनलाल
730 _a जन्तेशी भेट माझी घडवा
942 _cBOOK
999 _c134314
_d134314